| 000 | 00510nam a22001337a 4500 | ||
|---|---|---|---|
| 022 | _a03258955 | ||
| 080 | _a340 R 327 | ||
| 245 |
_aRevista del Colegio de Abogados _bde la Ciudad de Buenos Aires |
||
| 260 |
_aCiudad Autónoma de Buenos Aires _bColegio de Abogados _c2006 |
||
| 300 | _a152 P. | ||
| 650 |
_2IEDCYT _xderecho constitucional _xderecho penal _xConsejo de Magistratura _xjurado de Enjuiciamiento _xmedio ambiente _xMercosur _xética profesional _xamparo por mora |
||
| 942 | _2cdu | ||
| 945 |
_acd _d2016-08-19 |
||
| 999 |
_c4401 _d234905 |
||